000 00847nam a2200217Ii 4500
003 JO-AjNU
008 230605s9999||||xx |||||||||||||| ||und||
017 _a2010/5/1531
040 _aJO-AjNU
_bara
_erda
_cJO-AjNU
041 _aara
050 1 4 _aBP726.S52 2011
100 3 _aالشخانبة، صهيب عبد الله بشير,
_eauthor
_930666
245 0 0 _aالضمانات العينية الرهن ومدى مشروعية استثمارها في المصارف الإسلامية
250 _aط1
264 3 1 _aعمان: دار النفائس للنشر والتوزيع، 2011
300 _a244ص
_bقائمة المراجع ص 219-232
336 _atext
_btxt
_2rdacontent
337 _aunmediated
_bn
_2rdamedia
338 _avolume
_bnc
_2rdacarrier
650 4 _aالرهونات- الضمان- الفقه الاسلامي
_930667
999 _aA12184
_c15752
_d15752